Взаимодействие государства и бизнеса - основа решения стратегических задач российской экономики; Вестник науки Сибири; № 1 (7)
| Parent link: | Вестник науки Сибири: электронный научный журнал/ Томский политехнический университет (ТПУ).— , 2011-.— 2226-0064 № 1 (7).— 2013.— [С. 168-171] |
|---|---|
| Autor Principal: | |
| Outros autores: | |
| Summary: | Заглавие с титульного листа Рассмотрены проблемы взаимоотношений государства и крупного бизнеса за период перехода к рынку до наших дней. Указанные проблемы связываются с несовершенством налоговой системы, правовой политики, финансовым кризисом, общими проблемами национальной экономики. В рамках дальнейшего реформирования национальной экономики предлагается установить новые рамки отношений бизнеса и власти, выражающиеся в механизме согласования экономических интересов частного корпоративного бизнеса и государства через систему корпоративной социальной ответственности крупных компаний. |
| Idioma: | ruso |
| Publicado: |
2013
|
| Series: | Экономика и менеджмент |
| Subjects: | |
| Acceso en liña: | http://earchive.tpu.ru/handle/11683/16373 |
| Formato: | Electrónico Capítulo de libro |
| KOHA link: | https://koha.lib.tpu.ru/cgi-bin/koha/opac-detail.pl?biblionumber=505010 |
MARC
| LEADER | 00000naa2a2200000 4500 | ||
|---|---|---|---|
| 001 | 505010 | ||
| 005 | 20231101102917.0 | ||
| 035 | |a (RuTPU)RU\TPU\prd\175827 | ||
| 035 | |a RU\TPU\prd\175826 | ||
| 090 | |a 505010 | ||
| 100 | |a 20130418d2013 k y0rusy50 ca | ||
| 101 | 0 | |a rus | |
| 102 | |a RU | ||
| 135 | |a drnn ---uucaa | ||
| 181 | 0 | |a i | |
| 182 | 0 | |a b | |
| 200 | 1 | |a Взаимодействие государства и бизнеса - основа решения стратегических задач российской экономики |f З. Г. Антонова, В. И. Лившиц | |
| 203 | |a Текст |c электронный | ||
| 215 | |a 1 файл (322 Кб) | ||
| 225 | 1 | |a Экономика и менеджмент | |
| 230 | |a Электронные текстовые данные (1 файл : 322 Кб) | ||
| 300 | |a Заглавие с титульного листа | ||
| 320 | |a [Библиогр.: с. 171 (3 назв.)] | ||
| 330 | |a Рассмотрены проблемы взаимоотношений государства и крупного бизнеса за период перехода к рынку до наших дней. Указанные проблемы связываются с несовершенством налоговой системы, правовой политики, финансовым кризисом, общими проблемами национальной экономики. В рамках дальнейшего реформирования национальной экономики предлагается установить новые рамки отношений бизнеса и власти, выражающиеся в механизме согласования экономических интересов частного корпоративного бизнеса и государства через систему корпоративной социальной ответственности крупных компаний. | ||
| 337 | |a Adobe Reader | ||
| 461 | 1 | |0 (RuTPU)RU\TPU\prd\143680 |x 2226-0064 |t Вестник науки Сибири |o электронный научный журнал |f Томский политехнический университет (ТПУ) |d 2011- | |
| 463 | 1 | |0 (RuTPU)RU\TPU\prd\174137 |t № 1 (7) |v [С. 168-171] |d 2013 | |
| 610 | 1 | |a российская экономика | |
| 610 | 1 | |a государство | |
| 610 | 1 | |a крупный бизнес | |
| 610 | 1 | |a взаимоотношения | |
| 610 | 1 | |a проблемы | |
| 610 | 1 | |a бизнес-компания | |
| 610 | 1 | |a российская олигархия | |
| 610 | 1 | |a дефолт | |
| 610 | 1 | |a экспансия | |
| 610 | 1 | |a бизнес-среда | |
| 610 | 1 | |a национализация | |
| 610 | 1 | |a корпоративная социальная ответственность | |
| 610 | 1 | |a труды учёных ТПУ | |
| 610 | 1 | |a электронный ресурс | |
| 675 | |a 338.242.4 |v 3 | ||
| 700 | 1 | |a Антонова |b З. Г. |c специалист в области экономики |c доцент Томского политехнического университета, кандидат экономических наук |f 1947- |g Зоя Георгиевна |2 stltpush |3 (RuTPU)RU\TPU\pers\25988 | |
| 701 | 1 | |a Лившиц |b В. И. |c экономист |c доцент Томского политехнического университета, кандидат экономических наук |f 1954- |g Вера Исаковна |2 stltpush |3 (RuTPU)RU\TPU\pers\25995 | |
| 801 | 1 | |a RU |b 63413507 |c 20090623 |g PSBO | |
| 801 | 2 | |a RU |b 63413507 |c 20180115 |g PSBO | |
| 856 | 4 | |u http://earchive.tpu.ru/handle/11683/16373 | |
| 942 | |c BK | ||